书目信息 |
| 题名: |
泡沫
|
|
| 作者: | 卡尔弗利 , 冀愉 著 | |
| 分册: | ||
| 出版信息: | 北京 北京师范大学出版社 2006 |
|
| 页数: | 11,191页 | |
| 开本: | 24cm | |
| 丛书名: | ||
| 单 册: | ||
| 中图分类: | F831.5 , F293.35 | |
| 科图分类: | ||
| 主题词: | 金融市场--研究--世界 , 房地产--市场--研究--世界 , 金融市场 , 房地产 , 市场 | |
| 电子资源: | ||
| ISBN: | 978-7-303-07864-6 | |
| 000 | 01325nam0 2200337 45 | |
| 001 | 1029855214 | |
| 005 | 20100428150810.76 | |
| 010 | @a978-7-303-07864-6@dCNY28.00 | |
| 100 | @a20100420e20082006em y0chiy50 ea | |
| 101 | 1 | @achi@ceng |
| 102 | @aCN@b110000 | |
| 105 | @ay z 000yy | |
| 106 | @ar | |
| 200 | 1 | @a泡沫@APao Mo@dBubble$ and how to survive them@e从股市到楼市的繁荣幻象@ECong Gu Shi Dao Lou Shi De Fan Rong Huan Xiang@f(美) 约翰·卡尔弗利(John P. Calverley)著@F( Mei ) Yue Han· Ka Er Fu Li (John P. Calverley) Zhu@g冀愉译@zeng |
| 210 | @a北京@c北京师范大学出版社@d2006@h2008 | |
| 215 | @a11,191页@d24cm | |
| 300 | @a本书由Nicholas Brealey授权出版发行 | |
| 330 | @a本书共分三篇,分别阐述了泡沫产生原因、泡沫的膨胀和破裂对经济的影响;分析了房地产市场;探讨了泡沫产生的深层次原因,并提出了一些解决办法。 | |
| 510 | 1 | @aBubble$ and how to survive them@zeng |
| 517 | 1 | @a从股市到楼市的繁荣幻象@ACong Gu Shi Dao Lou Shi De Fan Rong Huan Xiang |
| 606 | 0 | @a金融市场@x研究@y世界 |
| 606 | 0 | @a房地产@x市场@x研究@y世界 |
| 606 | 0 | @a金融市场 |
| 606 | 0 | @a房地产 |
| 606 | 0 | @a市场 |
| 690 | @aF831.5@v4 | |
| 690 | @aF293.35@v4 | |
| 701 | 1 | @a卡尔弗利@AKa Er Fu Li@g(Calverley, John P.)@4著 |
| 701 | 0 | @a冀愉@AJi Yu@4译 |
| 801 | 0 | @aCN@bTANGWEI@c20100428 |
| 905 | @b0593168-72@dF831.5@e47@f5 | |
| 泡沫=Bubble$ and how to survive them:从股市到楼市的繁荣幻象/(美) 约翰·卡尔弗利(John P. Calverley)著/冀愉译.-北京:北京师范大学出版社,2006(2008) |
| 11,191页;24cm |
| 本书由Nicholas Brealey授权出版发行 |
| ISBN 978-7-303-07864-6:CNY28.00 |
| 本书共分三篇,分别阐述了泡沫产生原因、泡沫的膨胀和破裂对经济的影响;分析了房地产市场;探讨了泡沫产生的深层次原因,并提出了一些解决办法。 |
| ● |
| 相关链接 |
|
|
|
|
正题名:泡沫
索取号:F831.5/47
 
预约/预借
| 序号 | 登录号 | 条形码 | 馆藏地/架位号 | 状态 | 备注 |
| 1 | 0593168 | 205931688 | 第一样本阅览室/ [索取号:F831.5/47] | 在馆 | |
| 2 | 0593169 | 205931697 | 第一借阅区/ [索取号:F831.5/47] | 在馆 | |
| 3 | 0593170 | 205931704 | 第一借阅区/ [索取号:F831.5/47] | 在馆 | |
| 4 | 0593171 | 205931713 | 第一借阅区/ [索取号:F831.5/47] | 在馆 | |
| 5 | 0593172 | 205931722 | 第一借阅区/ [索取号:F831.5/47] | 在馆 |